General Knowledge Tile Select Quiz #3 - Statistics

General Stats
  • This quiz has been taken 34 times
    22 since last reset
  • The average score is 34 of 45
Answer Stats
Question Tile Select % Correct
sports involving a ball Cycling No
100%
sports involving a ball Diving No
100%
sports involving a ball Fencing No
100%
sports involving a ball Golf Yes
100%
sports involving a ball Rugby Yes
100%
sports involving a ball Ice Hockey No
95%
waves in the electromagnetic spectrum Pooled Waves No
95%
sports involving a ball Soccer Yes
95%
apps with green in their generic icon Spotify Yes
95%
sports involving a ball Tennis Yes
95%
apps with green in their generic icon TikTok No
95%
apps with green in their generic icon YouTube No
95%
waves in the electromagnetic spectrum Convex Waves No
90%
apps with green in their generic icon Duolingo Yes
90%
apps with green in their generic icon Pinterest No
90%
apps with green in their generic icon Snapchat No
90%
waves in the electromagnetic spectrum Tidal Waves No
90%
apps with green in their generic icon Walmart No
90%
waves in the electromagnetic spectrum Gamma Waves Yes
86%
apps with green in their generic icon Google Classroom Yes
86%
songs by Taylor Swift I Had Some Help No
86%
sports involving a ball Lacrosse Yes
86%
songs by Taylor Swift 22 Yes
81%
songs by Taylor Swift Cruel Summer Yes
81%
songs by Taylor Swift Espresso No
81%
songs by Taylor Swift good 4 u No
81%
waves in the electromagnetic spectrum Microwaves Yes
81%
apps with green in their generic icon Safari No
81%
songs by Taylor Swift Pink Skies No
76%
books by Colleen Hoover Mockingjay No
71%
waves in the electromagnetic spectrum Radio Waves Yes
71%
waves in the electromagnetic spectrum Ultraviolet Waves Yes
71%
waves in the electromagnetic spectrum Alpha Waves No
67%
waves in the electromagnetic spectrum Delta Waves No
67%
books by Colleen Hoover It Ends With Us Yes
62%
songs by Taylor Swift Sorry Not Sorry No
62%
books by Colleen Hoover Icebreaker No
57%
songs by Taylor Swift august Yes
52%
books by Colleen Hoover Twisted Games No
48%
books by Colleen Hoover Maybe Someday Yes
43%
songs by Taylor Swift Getaway Car Yes
38%
books by Colleen Hoover Ugly Love Yes
38%
books by Colleen Hoover Heart Bones Yes
33%
books by Colleen Hoover All Your Perfects Yes
29%
books by Colleen Hoover November 9th Yes
24%
No matching quizzes found
Score Distribution
Percent of People with Each Score
Percentile by Number Answered
Your Score History
You have not taken this quiz since the last reset